01004naa a22002657a 4500001001000000003000900010005001700019007000300036008003400039040005400073041000900127072002000136100002100156100001300177111009800190245010000288260003700388500012500425650001100550650002200561650001000583650000900593650001400602773012200616BR8207113BR-BrBNA20240918175218.0ta230509b bl.||||| |||| 00| 0 por d aBR-BrBNAbporcBiblioteca Nacional de Agricultura a(En) aL73b5100b41501 aGielkens, A.L.S.1 aToma, B.1 a2. Simposio Internacional de Anemia Infecciosa EquinacSao Paulo, SP (Brazil)d21-24 Mar 19821 aDevelopment of a serologic ELISA for equine infectious amemia [equino, anemia infecciosa, soro]3 aSao Paulo, SP (Brasil): c1982.  aAnais do 2. Simposio Internacional de Anemia Infecciosa Equina Sao Paulo, SP (Brasil): 1982. p. 91-98 (BR8207113-AM)L73  aEQUINO aANEMIA INFECCIOSA aVIRUS aSORO aANTICORPO0 tAnais do 2. Simposio Internacional de Anemia Infecciosa EquinawL73 BR8207113gSao Paulo, SP (Brasil), 1982. p. 91-98